Estadisticas 2001 /
Guardado en:
| Formato: | Libro |
|---|---|
| Idioma: | Spanish |
| Publicado: |
Buenos Aires :
Oficina de Estadísticas del Poder Judicial de la Nación ,
2002
|
| Etiquetas: |
Agregar Etiqueta
Sin Etiquetas, Sea el primero en etiquetar este registro!
|
| LEADER | 00368nam a22001095a 4500 | ||
|---|---|---|---|
| 001 | DER.der000929 | ||
| 005 | 20050808000000.0 | ||
| 008 | 180615s2002####||||||||||||||||||||spa|| | ||
| 245 | 1 | 0 | |a Estadisticas 2001 / |c Poder Judicial de la Nación |
| 260 | |a Buenos Aires : |b Oficina de Estadísticas del Poder Judicial de la Nación , |c 2002 | ||
| 300 | 0 | |a 527 p. | |
| 859 | |a DERECHO |b BIB. DERECHO |p 001595 | ||
